[Event "Titled Tue 1st Jul Late"]
[Site "chess.com INT"]
[Date "2025.07.01"]
[Round "4"]
[White "Marcziter, Dmitrii"]
[Black "Gyurjinyan, Valter"]
[Result "0-1"]
[WhiteTitle "FM"]
[BlackTitle "CM"]
[WhiteElo "2208"]
[BlackElo "2208"]
[WhiteFideId "13900765"]
[BlackFideId "13318179"]
[EventDate "2025.07.01"]

1. e4 c6 2. d4 d5 3. Nc3 dxe4 4. Nxe4 Bf5 5. Ng3 Bg6 6. h4 h6 7. h5 Bh7 8. Nf3
Nf6 9. Ne5 e6 10. c3 Nbd7 11. Bf4 Nxe5 12. Bxe5 Bd6 13. Bxd6 Qxd6 14. Bd3 Bxd3
15. Qxd3 O-O-O 16. O-O-O Kb8 17. Qe2 Qd5 18. Kb1 Qxg2 19. Qe5+ Ka8 20. Rhf1 Rd5
21. Qc7 Rd7 22. Qa5 Qd5 23. Qb4 Nxh5 24. Nxh5 Qxh5 25. Rfe1 Rhd8 26. Rc1 Qf5+
27. Ka1 Qxf2 28. Rf1 Qd2 29. Rcd1 Qg5 30. Rde1 Qb5 31. Qa3 c5 32. Rg1 cxd4 33.
cxd4 Rxd4 34. Rc1 g5 35. Rgf1 f5 36. Rfe1 e5 37. Qe7 e4 38. Qe6 a6 39. Qxh6 f4
40. Rg1 Rd2 41. Qf6 e3 42. Rxg5 Qc6 43. Rb1 Qxf6 0-1

[Event "Titled Tue 1st Jul Late"]
[Site "chess.com INT"]
[Date "2025.07.01"]
[Round "4"]
[White "Puzyrevsky, Semyon"]
[Black "Ashraf, Artin"]
[Result "0-1"]
[WhiteTitle "FM"]
[BlackTitle "FM"]
[WhiteElo "2292"]
[BlackElo "2407"]
[WhiteFideId "24240931"]
[BlackFideId "22514805"]
[EventDate "2025.07.01"]

1. e4 e6 2. d4 d5 3. Nd2 c5 4. exd5 Qxd5 5. Ngf3 cxd4 6. Bc4 Qd8 7. O-O Nc6 8.
Nb3 Qc7 9. Re1 Nf6 10. Nbxd4 Nxd4 11. Qxd4 Bc5 12. Bb5+ Ke7 13. Qh4 h6 14. Bd3
Bd7 15. Ne5 Rad8 16. Bf4 g5 17. Bxg5 hxg5 18. Qxg5 Rh5 19. Qg3 Bd6 20. f4 Rg8
21. Qf3 Qc5+ 22. Kh1 Bxe5 23. fxe5 Ng4 24. h3 Rxe5 25. Rf1 f5 26. b4 Qb6 27. c4
Bc6 28. Qf4 Qe3 29. b5 Qxh3+ 30. Kg1 Qxg2# 0-1

[Event "Titled Tue 1st Jul Late"]
[Site "chess.com INT"]
[Date "2025.07.01"]
[Round "4"]
[White "Muradli, Mahammad"]
[Black "Assaad, Joe"]
[Result "1-0"]
[WhiteTitle "GM"]
[BlackTitle "CM"]
[WhiteElo "2609"]
[BlackElo "2170"]
[WhiteFideId "13409301"]
[BlackFideId "5310504"]
[EventDate "2025.07.01"]

1. b3 e5 2. Bb2 Nc6 3. e3 Nf6 4. Nf3 e4 5. Nd4 Nxd4 6. Bxd4 h5 7. c4 Rh6 8. Nc3
Qe7 9. Qc2 c6 10. Bxf6 Rxf6 11. Qxe4 Re6 12. Qc2 g6 13. g3 Bg7 14. Bh3 Re5 15.
O-O d6 16. Bxc8 Rxc8 17. d4 Re6 18. Rad1 Kf8 19. d5 Re5 20. dxc6 bxc6 21. Ne2
Kg8 22. Qd3 d5 23. cxd5 cxd5 24. Rc1 Rd8 25. Nd4 Qa3 26. Nc6 Ree8 27. Nxd8 Rxd8
28. Rc2 d4 29. exd4 Bxd4 30. Qf3 Qa5 31. Rd1 Qb6 32. Rcd2 Rd6 33. Qf4 1-0

[Event "Titled Tue 1st Jul Late"]
[Site "chess.com INT"]
[Date "2025.07.01"]
[Round "4"]
[White "Alvir, Aco"]
[Black "Lisenkov, Svyatoslav"]
[Result "0-1"]
[WhiteTitle "IM"]
[BlackTitle "CM"]
[WhiteElo "2239"]
[BlackElo "2283"]
[WhiteFideId "14400367"]
[BlackFideId "34264183"]
[EventDate "2025.07.01"]

1. e4 c5 2. Nf3 d6 3. d4 cxd4 4. Nxd4 Nf6 5. Nc3 a6 6. Be3 e5 7. Nb3 Be7 8. f3
Be6 9. Qd2 h5 10. Nd5 Nxd5 11. exd5 Bf5 12. Be2 Nd7 13. O-O O-O 14. f4 exf4 15.
Bxf4 Bg6 16. c4 a5 17. Nd4 Nc5 18. Nb5 a4 19. Rae1 Qb6 20. Kh1 Ne4 21. Qd4 Qxd4
22. Nxd4 Bf6 23. Rd1 a3 24. b3 Nc3 25. Bxd6 Rfd8 26. Bc5 Bxd4 27. Rxd4 Nxe2 28.
Rd2 Nc3 0-1

[Event "Titled Tue 1st Jul Late"]
[Site "chess.com INT"]
[Date "2025.07.01"]
[Round "4"]
[White "Shuvalova, Polina"]
[Black "Nihal, Sarin"]
[Result "0-1"]
[WhiteTitle "IM"]
[BlackTitle "GM"]
[WhiteElo "2480"]
[BlackElo "2696"]
[WhiteFideId "24171760"]
[BlackFideId "25092340"]
[EventDate "2025.07.01"]

1. e4 e6 2. d4 d5 3. Nd2 h6 4. Ngf3 Nf6 5. Bd3 c5 6. O-O c4 7. e5 cxd3 8. exf6
Qxf6 9. c3 Bd6 10. Nb3 b6 11. Re1 Ba6 12. Be3 O-O 13. Nc1 Qf5 14. Qd2 Nd7 15.
Rd1 e5 16. dxe5 Nxe5 17. Nxe5 Qxe5 18. g3 Qe4 19. Nxd3 d4 20. Nf4 Bb7 21. f3
Qxf3 22. Bxd4 Qh1+ 23. Kf2 Qxh2+ 24. Kf1 Qh1+ 25. Kf2 Qf3+ 26. Kg1 Qxg3+ 27. Ng2
Qh2+ 28. Kf1 Qh1+ 29. Bg1 Bc5 0-1

[Event "Titled Tue 1st Jul Late"]
[Site "chess.com INT"]
[Date "2025.07.01"]
[Round "4"]
[White "Bucci, Andrea"]
[Black "Fernandes, Rogerio Paulo Muller"]
[Result "0-1"]
[WhiteElo "1526"]
[BlackElo "2241"]
[WhiteFideId "28546890"]
[BlackFideId "2101599"]
[EventDate "2025.07.01"]

1. e4 e6 2. d3 d5 3. Nd2 c5 4. Ngf3 Nc6 5. g3 Bd6 6. Bg2 Nge7 7. O-O O-O 8. Re1
Qc7 9. c3 f6 10. Nf1 Bd7 11. h4 d4 12. N1h2 e5 13. a3 b5 14. Qc2 Rfc8 15. c4
bxc4 16. Qxc4+ Kh8 17. Bd2 Rab8 18. Rab1 Na5 19. Bxa5 Qxa5 20. Qc1 Bb5 21. Bf1
Qa6 22. Qd2 c4 23. dxc4 Bxc4 24. Bxc4 Rxc4 25. Rec1 Rbc8 26. Rxc4 Qxc4 27. Ne1
Kg8 28. Nf1 Kf7 29. g4 Ng6 30. h5 Nf4 31. Ng3 g6 32. hxg6+ hxg6 33. Ng2 Nh3+ 34.
Kh2 Rh8 35. Ne1 Nxf2+ 36. Kg2 Nxg4 37. Nd3 Rh2+ 0-1

[Event "Titled Tue 1st Jul Late"]
[Site "chess.com INT"]
[Date "2025.07.01"]
[Round "4"]
[White "Ribeiro, Gustavo"]
[Black "Casadio, Niccolo'"]
[Result "1-0"]
[WhiteTitle "FM"]
[BlackTitle "FM"]
[WhiteElo "2314"]
[BlackElo "2249"]
[WhiteFideId "1941852"]
[BlackFideId "2827951"]
[EventDate "2025.07.01"]

1. e4 e5 2. Nf3 Nc6 3. Nc3 Nf6 4. g3 Bb4 5. Bg2 O-O 6. O-O d6 7. Nd5 Nxd5 8.
exd5 Ne7 9. c4 a5 10. d4 e4 11. Ng5 a4 12. Nxe4 Bf5 13. Bd2 Bxd2 14. Qxd2 b5 15.
b3 axb3 16. axb3 bxc4 17. bxc4 Qd7 18. Qg5 h6 19. Nf6+ Kh8 20. Nxd7 hxg5 21.
Nxf8 Rxf8 22. Rfe1 Ng6 23. Ra7 Rc8 24. Rea1 Kh7 25. Ra8 Ne7 26. Rxc8 Nxc8 27. h3
Bd3 28. g4 Bxc4 29. Ra8 Nb6 30. Rf8 Kg6 31. Rc8 Bxd5 32. Rxc7 Bxg2 33. Kxg2 Nd5
34. Rc6 Nf4+ 35. Kh2 f6 36. Rxd6 Kf7 37. Ra6 Ke7 38. Ra7+ Ke6 39. Rxg7 Ne2 40.
d5+ Kxd5 41. h4 gxh4 42. Kh3 Ke6 43. Kxh4 Nd4 44. f4 Nc6 45. f5+ Ke5 46. Rc7 Nd4
47. Re7+ Kf4 48. Re6 Nf3+ 49. Kh5 Ne5 50. Rxe5 1-0

[Event "Titled Tue 1st Jul Late"]
[Site "chess.com INT"]
[Date "2025.07.01"]
[Round "4"]
[White "Leinov, Roman"]
[Black "Evdokimov, Alexey"]
[Result "0-1"]
[WhiteTitle "CM"]
[BlackTitle "FM"]
[WhiteElo "2120"]
[BlackElo "2205"]
[WhiteFideId "13504649"]
[BlackFideId "24162450"]
[EventDate "2025.07.01"]

1. Nf3 Nf6 2. g3 g6 3. Bg2 Bg7 4. O-O O-O 5. c4 c5 6. Nc3 Nc6 7. d4 d6 8. Qd3
Bf5 9. e4 cxd4 10. Nxd4 Nxd4 11. exf5 Nxf5 12. Bxb7 Rb8 13. Bg2 Nd7 14. b3 Ne5
15. Qd1 Nxc4 16. bxc4 Bxc3 17. Bg5 Qc7 18. g4 Bxa1 19. Qxa1 Ng7 20. Bh6 e5 21.
Bd5 Ne6 22. f4 Qb6+ 23. Kh1 Qb2 24. Bxf8 Qxa1 25. Rxa1 Kxf8 26. fxe5 dxe5 27.
Re1 Nf4 28. Kg1 f6 29. g5 Ke7 30. gxf6+ Kxf6 31. Rf1 Rb2 32. c5 Rb5 33. Rc1 Ne2+
34. Kf2 Nxc1 0-1

[Event "Titled Tue 1st Jul Late"]
[Site "chess.com INT"]
[Date "2025.07.01"]
[Round "4"]
[White "Abdurakhmonov, Mukhammadali"]
[Black "Zeliantsova, Kseniya"]
[Result "1-0"]
[WhiteTitle "IM"]
[BlackTitle "WFM"]
[WhiteElo "2348"]
[BlackElo "2062"]
[WhiteFideId "14207346"]
[BlackFideId "13512617"]
[EventDate "2025.07.01"]

1. d4 Nf6 2. Nf3 g6 3. Bg5 Bg7 4. Nbd2 O-O 5. e4 d6 6. Bd3 c5 7. dxc5 dxc5 8.
O-O Nc6 9. h3 Qc7 10. c3 Rd8 11. Qc2 Be6 12. a4 Nd7 13. Bc4 Nf8 14. Bh4 Na5 15.
Bg3 Qc8 16. Be2 h6 17. Rfd1 Rd7 18. Ne5 Rd8 19. Nec4 Nxc4 20. Nxc4 Qc6 21. Ne3
Nh7 22. Bb5 Qb6 23. Nc4 Bxc4 24. Bxc4 Nf6 25. e5 Nd7 26. e6 fxe6 27. Qxg6 Nf8
28. Qc2 Kh8 29. Re1 Qc6 30. Re2 Rd7 31. Rae1 Rad8 32. Bxe6 Nxe6 33. Rxe6 Qd5 34.
Qg6 Qg5 35. Qxg5 hxg5 36. Rxe7 Bf6 37. Rxd7 Rxd7 38. Be5 Bxe5 39. Rxe5 Rd1+ 40.
Kh2 Rd2 41. Rxg5 Rxf2 42. Rxc5 Rxb2 43. a5 Kg7 44. h4 Kg6 45. h5+ Kh6 46. Kh3 b6
47. axb6 axb6 48. Re5 Rc2 49. g4 Rxc3+ 50. Kh4 Rc1 51. Re6+ Kh7 52. Rxb6 1-0

[Event "Titled Tue 1st Jul Late"]
[Site "chess.com INT"]
[Date "2025.07.01"]
[Round "4"]
[White "Manvelyan, Mikayel"]
[Black "Luong Phuong Hanh"]
[Result "1-0"]
[WhiteTitle "FM"]
[BlackTitle "WIM"]
[WhiteElo "2362"]
[BlackElo "2121"]
[WhiteFideId "13310143"]
[BlackFideId "12401013"]
[EventDate "2025.07.01"]

1. e4 c5 2. Nf3 e6 3. d4 cxd4 4. Nxd4 a6 5. c4 Nf6 6. Nc3 Qc7 7. Bd3 Nc6 8. Nxc6
dxc6 9. O-O e5 10. a3 Be6 11. b4 Be7 12. c5 Rd8 13. Qe2 O-O 14. h3 b6 15. cxb6
Qxb6 16. Be3 Qc7 17. Bxa6 h6 18. Bc4 Bxc4 19. Qxc4 Nh5 20. Nd5 Qd6 21. Qxc6 Rfe8
22. Qxd6 Bxd6 23. b5 Nf4 24. Rfd1 Ne2+ 25. Kf1 Nd4 26. a4 Nc2 27. Ra2 Nb4 28.
Nxb4 Bxb4 29. Rxd8 Rxd8 30. a5 1-0

[Event "Titled Tue 1st Jul Late"]
[Site "chess.com INT"]
[Date "2025.07.01"]
[Round "4"]
[White "Sargsyan, Shant"]
[Black "Wang, Justin Zhide"]
[Result "1-0"]
[WhiteTitle "GM"]
[BlackTitle "CM"]
[WhiteElo "2669"]
[BlackElo "2085"]
[WhiteFideId "13306766"]
[BlackFideId "4312830"]
[EventDate "2025.07.01"]

1. c4 e6 2. g3 d5 3. Bg2 Nf6 4. Nf3 Be7 5. O-O O-O 6. b3 d4 7. e3 c5 8. exd4
cxd4 9. Ne5 Qc7 10. Re1 Nc6 11. Nxc6 bxc6 12. Ba3 Bxa3 13. Nxa3 Bb7 14. c5 Ba6
15. Qc1 e5 16. Nc4 Rfe8 17. Nd6 Re7 18. b4 Rb8 19. Qa3 Bc8 20. Qa4 Bd7 21. a3
Ne8 22. Nc4 Nf6 23. Qa5 Qxa5 24. Nxa5 Nd5 25. f4 f6 26. Nc4 Rbe8 27. Nd6 Rf8 28.
b5 Rfe8 29. Nxe8 Rxe8 30. Bxd5+ cxd5 31. c6 Be6 32. fxe5 f5 33. a4 f4 34. a5 Rf8
35. b6 f3 36. Kf2 g5 37. c7 g4 38. b7 Kg7 39. b8=Q Rf7 40. c8=Q Bxc8 41. Qxc8
Rc7 42. Qxc7+ Kg6 43. Rac1 Kf5 44. Qxh7+ Kg5 45. Rc6 a6 46. Qg6# 1-0

[Event "Titled Tue 1st Jul Late"]
[Site "chess.com INT"]
[Date "2025.07.01"]
[Round "4"]
[White "Bazan Romero, Octavio Aaron"]
[Black "Ferrara, Enzo"]
[Result "1-0"]
[WhiteTitle "FM"]
[WhiteElo "2289"]
[BlackElo "2138"]
[WhiteFideId "20003943"]
[BlackFideId "137731"]
[EventDate "2025.07.01"]

1. d4 f5 2. Nc3 Nf6 3. Bg5 d5 4. f3 c5 5. e3 Nc6 6. dxc5 e6 7. Bxf6 Qxf6 8. Na4
Bd7 9. c3 Be7 10. f4 O-O 11. Nf3 Nd8 12. Ne5 Be8 13. Be2 Qh4+ 14. g3 Qh3 15. Bf1
Qh6 16. Bg2 Bxa4 17. Qxa4 Bxc5 18. Nd7 Bxe3 19. Nxf8 Kxf8 20. Qb4+ Kg8 21. Qe7
Qh5 22. Bf3 Qg6 23. Ke2 Bb6 24. h4 Qxg3 25. Qe8# 1-0

[Event "Titled Tue 1st Jul Late"]
[Site "chess.com INT"]
[Date "2025.07.01"]
[Round "4"]
[White "Danzer, George"]
[Black "Hariharan, Shambavi"]
[Result "0-1"]
[WhiteTitle "CM"]
[BlackTitle "WCM"]
[WhiteElo "2172"]
[BlackElo "1936"]
[WhiteFideId "4659465"]
[BlackFideId "488160"]
[EventDate "2025.07.01"]

1. e4 e5 2. Nf3 Nc6 3. Bb5 a6 4. Ba4 Nf6 5. O-O d6 6. d4 exd4 7. Nxd4 Bd7 8.
Nxc6 Bxc6 9. Bxc6+ bxc6 10. Nc3 Be7 11. Be3 d5 12. exd5 cxd5 13. Qf3 O-O 14.
Rad1 c6 15. Rfe1 Re8 16. Bg5 Nd7 17. Bxe7 Rxe7 18. h3 Qe8 19. Kf1 h6 20. a4 Nf6
21. b3 Qd7 22. Rxe7 Qxe7 23. Re1 Qc5 24. Qd3 a5 25. Re2 Rd8 26. Kg1 Qb4 27. Kf1
c5 28. Rd2 d4 29. Nd1 Nd5 30. Nb2 Nf4 0-1

[Event "Titled Tue 1st Jul Late"]
[Site "chess.com INT"]
[Date "2025.07.01"]
[Round "4"]
[White "Movahed, Sina"]
[Black "Graif, William"]
[Result "1-0"]
[WhiteTitle "GM"]
[BlackTitle "FM"]
[WhiteElo "2544"]
[BlackElo "2211"]
[WhiteFideId "42520835"]
[BlackFideId "2609835"]
[EventDate "2025.07.01"]

1. e4 e5 2. Nf3 Bc5 3. Bc4 Nf6 4. d3 O-O 5. O-O c6 6. Bg5 d6 7. Nbd2 Nbd7 8. c3
Re8 9. d4 Bb6 10. Re1 h6 11. Bh4 Nf8 12. dxe5 dxe5 13. Qb3 Qe7 14. Nxe5 Qxe5 15.
Bxf7+ Kh8 16. Nf3 Qc5 17. e5 Be6 18. Bxe6 Nd5 19. Bf7 Rec8 20. e6 Bd8 21. Bg3 b5
22. Rad1 Be7 23. Rd4 a5 24. Be5 a4 25. Qc2 a3 26. Qd2 Bf6 27. b4 Qxc3 28. Rxd5
Bxe5 29. Rdxe5 1-0

[Event "Titled Tue 1st Jul Late"]
[Site "chess.com INT"]
[Date "2025.07.01"]
[Round "4"]
[White "Ibrahimli, Murad"]
[Black "Caprio, Guido"]
[Result "1-0"]
[WhiteTitle "IM"]
[BlackTitle "IM"]
[WhiteElo "2448"]
[BlackElo "2435"]
[WhiteFideId "13410229"]
[BlackFideId "834580"]
[EventDate "2025.07.01"]

1. e4 d6 2. d4 Nf6 3. Nc3 e6 4. f4 Be7 5. Nf3 O-O 6. Bd3 c5 7. dxc5 dxc5 8. e5
Nd5 9. Nxd5 exd5 10. O-O Nc6 11. c3 Bg4 12. h3 Bxf3 13. Qxf3 c4 14. Be2 Qb6+ 15.
Kh1 Rad8 16. Rb1 f5 17. Rd1 Qa5 18. a3 Kh8 19. Be3 h6 20. Rd2 Bc5 21. Rbd1 Bxe3
22. Qxe3 Ne7 23. Bf3 Rd7 24. Kh2 Rfd8 25. g4 Qb6 26. Qxb6 axb6 27. gxf5 Nxf5 28.
Rxd5 Rxd5 29. Rxd5 Rf8 30. e6 Ne3 31. e7 Re8 32. Rd8 Kh7 33. Be4+ Nf5 34. Bxf5+
g6 35. Rxe8 1-0

[Event "Titled Tue 1st Jul Late"]
[Site "chess.com INT"]
[Date "2025.07.01"]
[Round "4"]
[White "Tikhonov, Viacheslav"]
[Black "Ivashentseva, Dominika"]
[Result "1-0"]
[WhiteTitle "CM"]
[BlackTitle "WCM"]
[WhiteElo "2183"]
[BlackElo "1969"]
[WhiteFideId "44196407"]
[BlackFideId "34331050"]
[EventDate "2025.07.01"]

1. e4 c5 2. Nf3 Nc6 3. d4 cxd4 4. Nxd4 g6 5. c4 Nf6 6. Nc3 d6 7. Be2 Nxd4 8.
Qxd4 Bg7 9. Be3 O-O 10. Qd2 a5 11. f3 a4 12. Kf2 a3 13. b4 Be6 14. Rac1 Rc8 15.
Nb5 Nd7 16. Nxa3 Ra8 17. Nb5 Nb6 18. a3 Qd7 19. Bxb6 Rfc8 20. Bd4 Bxc4 21. Rxc4
Rxc4 22. Bxc4 e5 23. Be3 Rc8 24. Nxd6 Rc6 25. Rd1 Bf8 26. Bb5 Qxd6 27. Bxc6 Qxc6
28. Qd8 Qc2+ 29. Rd2 Qa4 30. Bh6 Qa7+ 31. Kg3 f5 32. Qxf8# 1-0

[Event "Titled Tue 1st Jul Late"]
[Site "chess.com INT"]
[Date "2025.07.01"]
[Round "4"]
[White "Abdulkadir Mohamed Warsame"]
[Black "Dobrosmyslov, Artem"]
[Result "1-0"]
[BlackTitle "FM"]
[WhiteElo "2001"]
[BlackElo "2260"]
[WhiteFideId "16100913"]
[BlackFideId "24139521"]
[EventDate "2025.07.01"]

1. c4 e6 2. Nc3 Nf6 3. Nf3 a6 4. a3 c6 5. d4 b5 6. e4 bxc4 7. Bxc4 Nxe4 8. O-O
Nxc3 9. bxc3 d5 10. Bd3 Bd6 11. Ng5 h6 12. Qh5 O-O 13. Bh7+ Kh8 14. Bd3 Ra7 15.
f4 f6 16. Qg6 Kg8 17. Qh7# 1-0

[Event "Titled Tue 1st Jul Late"]
[Site "chess.com INT"]
[Date "2025.07.01"]
[Round "4"]
[White "Wartiovaara, Oliver"]
[Black "Albertini, Luca"]
[Result "0-1"]
[WhiteTitle "FM"]
[WhiteElo "2323"]
[BlackElo "2131"]
[WhiteFideId "513024"]
[BlackFideId "847038"]
[EventDate "2025.07.01"]

1. e4 e5 2. Nf3 Nc6 3. Bc4 Bc5 4. c3 Nf6 5. d4 exd4 6. e5 d5 7. Be2 d3 8. exf6
dxe2 9. Qxe2+ Be6 10. fxg7 Rg8 11. Bg5 Be7 12. Bxe7 Qxe7 13. O-O Rxg7 14. Re1
O-O-O 15. Nbd2 Rdg8 16. g3 h5 17. h4 Qd7 18. Ne5 Qd6 19. Nf1 Bh3 20. Nxc6 bxc6
21. Qe5 Qc5 22. Re3 Bg4 23. Nd2 Qd6 24. Nb3 f6 25. Qd4 Kb8 26. Nc5 Bc8 27. a4
Rg4 28. f4 Rxf4 0-1

[Event "Titled Tue 1st Jul Late"]
[Site "chess.com INT"]
[Date "2025.07.01"]
[Round "4"]
[White "Grzesik, Gracjan"]
[Black "Habans Aguerrea, Javier"]
[Result "0-1"]
[WhiteTitle "CM"]
[BlackTitle "IM"]
[WhiteElo "2175"]
[BlackElo "2448"]
[WhiteFideId "1194593"]
[BlackFideId "24524689"]
[EventDate "2025.07.01"]

1. c4 b6 2. d4 Bb7 3. d5 e6 4. a3 f5 5. Nc3 Nf6 6. g3 Be7 7. Bg2 O-O 8. Nf3 a5
9. O-O Na6 10. Nd4 Nc5 11. b3 g6 12. Rb1 e5 13. Ndb5 d6 14. b4 axb4 15. axb4
Nce4 16. Nxe4 Nxe4 17. f3 Nf6 18. e4 Qd7 19. Bh3 Rf7 20. Qc2 Bc8 21. Bg5 Qd8 22.
Be3 fxe4 23. Bxc8 Qxc8 24. fxe4 Qg4 25. Nc3 Raf8 26. Kg2 Qh5 27. Qe2 Qxe2+ 28.
Nxe2 Nxe4 29. Ra1 Kg7 30. Rxf7+ Rxf7 31. Ra7 Bg5 32. Bxg5 Nxg5 33. Nc3 Nf3 34.
Nb5 Ne1+ 35. Kg1 Nf3+ 36. Kg2 Nd2 37. Nxc7 Nxc4 38. Ne6+ Kf6 39. Ra8 Ne3+ 40.
Kf3 Nxd5 41. Nd8 Rf8 42. Ke4 Ne7 43. Rb8 d5+ 44. Kd3 e4+ 45. Kd4 Rxd8 46. Rxb6+
Kf5 0-1

[Event "Titled Tue 1st Jul Late"]
[Site "chess.com INT"]
[Date "2025.07.01"]
[Round "4"]
[White "Gimeno Martos, Roberto"]
[Black "Karvatskyi, Oleksii"]
[Result "1/2-1/2"]
[WhiteTitle "CM"]
[BlackTitle "CM"]
[WhiteElo "2090"]
[BlackElo "2258"]
[WhiteFideId "2226804"]
[BlackFideId "14191059"]
[EventDate "2025.07.01"]

1. e4 c5 2. Nc3 d6 3. g3 Nf6 4. Bg2 g6 5. d3 Bg7 6. h3 O-O 7. Be3 Nc6 8. Qd2 Rb8
9. Bh6 b5 10. Bxg7 Kxg7 11. Nge2 b4 12. Nd1 d5 13. exd5 Nxd5 14. O-O Nd4 15.
Nxd4 cxd4 16. c3 bxc3 17. bxc3 dxc3 18. Nxc3 Nxc3 19. Qxc3+ f6 20. Rfd1 Qd6 21.
d4 Be6 22. d5 Bf7 23. a4 Rfc8 24. Qd2 Rb3 25. a5 Rcc3 26. Rac1 Qc5 27. Rxc3 Rxc3
28. a6 Rxg3 29. Kh2 Ra3 30. d6 exd6 31. Qxd6 Qc3 32. Qd7 Qe5+ 33. Kg1 Ra1 34.
Rxa1 Qxa1+ 35. Kh2 Qa2 36. Qxa7 Kh6 37. Qe3+ g5 38. a7 Bd5 39. Qd4 Bxg2 40.
Qxf6+ Kh5 41. Kxg2 Qxa7 42. Qf3+ Kg6 43. Qe4+ Kh6 44. Qe6+ Kh5 45. Qg4+ Kg6 46.
Qe6+ Kh5 47. Qg4+ Kh6 48. Qe6+ Kg7 49. Qe5+ Kg6 50. Qe6+ Kh5 1/2-1/2

[Event "Titled Tue 1st Jul Late"]
[Site "chess.com INT"]
[Date "2025.07.01"]
[Round "4"]
[White "Pereyra, Horacio"]
[Black "Shuvalov, Evgenij"]
[Result "0-1"]
[WhiteElo "2133"]
[BlackElo "1986"]
[WhiteFideId "113700"]
[BlackFideId "4187237"]
[EventDate "2025.07.01"]

1. d4 Nf6 2. Nc3 e6 3. e4 d5 4. Bg5 Bb4 5. e5 h6 6. Be3 Ne4 7. Qg4 g6 8. Bd3
Nxc3 9. Bd2 Nxa2 10. c3 Nxc3 11. bxc3 Be7 12. h4 a5 13. Rh3 b6 14. h5 g5 15. f4
Rg8 16. Rf3 Nc6 17. Nh3 Ba6 18. Bc2 Qd7 19. fxg5 hxg5 20. Nxg5 O-O-O 21. Rxf7
Bxg5 22. Rxd7 Bxd2+ 23. Kxd2 Rxg4 24. Rxd8+ Kxd8 25. Rh1 Rxg2+ 26. Kc1 Rg8 27.
h6 Rh8 28. h7 Ne7 29. Rg1 Be2 30. Rg7 Bg4 31. Rg6 Nxg6 0-1

[Event "Titled Tue 1st Jul Late"]
[Site "chess.com INT"]
[Date "2025.07.01"]
[Round "4"]
[White "Soza de la Carrera, Jose"]
[Black "Eswaran, Ashritha"]
[Result "0-1"]
[WhiteTitle "CM"]
[BlackTitle "FM"]
[WhiteElo "2221"]
[BlackElo "2236"]
[WhiteFideId "3401278"]
[BlackFideId "2080788"]
[EventDate "2025.07.01"]

1. d4 Nf6 2. c4 e6 3. g3 d5 4. Nf3 h6 5. Bg2 Bd6 6. O-O O-O 7. Qc2 b6 8. cxd5
exd5 9. Nc3 Bb7 10. Nb5 Nc6 11. Nxd6 cxd6 12. Bf4 a5 13. Rfc1 Rc8 14. Qb3 Ba6
15. Qd1 Qd7 16. a3 Rfe8 17. Rc2 Bc4 18. Rc3 Bxe2 19. Qc1 Ne4 20. Re3 Ba6 21. Qe1
g5 22. Rxe4 dxe4 23. Nxg5 hxg5 24. Bxg5 Nxd4 25. Qe3 Qf5 26. Qxd4 Qxg5 27. Qxb6
Bd3 28. Qxd6 Re6 29. Qd7 Rd8 30. Qa7 e3 31. h4 exf2+ 32. Qxf2 Qe3 33. b4 Qxf2+
34. Kxf2 Re2+ 35. Kf3 axb4 36. axb4 Rb2 37. Ra5 Rxb4 38. Rg5+ Kf8 39. Bh3 Be2+
40. Kf2 Rd2 41. Ke3 Ra2 42. Bf5 Bc4 43. h5 Ra3+ 44. Kd4 Bd3+ 45. Kc5 Rb5+ 46.
Kd6 Rxf5 0-1

[Event "Titled Tue 1st Jul Late"]
[Site "chess.com INT"]
[Date "2025.07.01"]
[Round "4"]
[White "Rustamov, Rustam"]
[Black "Assylov, Miras"]
[Result "1-0"]
[WhiteTitle "FM"]
[BlackTitle "FM"]
[WhiteElo "2334"]
[BlackElo "2319"]
[WhiteFideId "13440110"]
[BlackFideId "13728873"]
[EventDate "2025.07.01"]

1. e4 c5 2. Nf3 e6 3. d4 cxd4 4. Nxd4 Nf6 5. Nc3 d6 6. g4 e5 7. Nf5 Nc6 8. Bg2
g6 9. Ne3 Bg7 10. h3 O-O 11. O-O Be6 12. Nb5 Nd4 13. Nxd4 exd4 14. Nd5 Nxd5 15.
exd5 Bd7 16. Bf4 Qb6 17. Qd2 Rfe8 18. Rab1 Rac8 19. b3 Qc5 20. Rfe1 Be5 21. Bxe5
dxe5 22. Qg5 Qd6 23. Qd2 b5 24. Re2 f6 25. Rbe1 g5 26. Be4 Rc3 27. f3 Kg7 28. h4
h6 29. Rh2 Bc8 30. Kf2 Bb7 31. hxg5 fxg5 32. Reh1 Rf8 33. Rxh6 Qxh6 34. Rxh6
Kxh6 35. Kg3 Rh8 36. Qe2 a6 37. Bd3 Rc7 38. Qxe5 Rf7 39. Qxh8+ 1-0

[Event "Titled Tue 1st Jul Late"]
[Site "chess.com INT"]
[Date "2025.07.01"]
[Round "4"]
[White "Holinka, Henning"]
[Black "Romero Ruscalleda, Josep"]
[Result "1-0"]
[WhiteTitle "FM"]
[BlackTitle "FM"]
[WhiteElo "2303"]
[BlackElo "2110"]
[WhiteFideId "12967084"]
[BlackFideId "2231859"]
[EventDate "2025.07.01"]

1. Nf3 g6 2. e4 Bg7 3. d4 d6 4. Bc4 Nf6 5. Qe2 O-O 6. O-O c6 7. h3 Qc7 8. a4 e5
9. dxe5 dxe5 10. a5 Nbd7 11. Nc3 Nc5 12. b3 Be6 13. Ba3 Nfd7 14. Bxe6 fxe6 15.
Qc4 b5 16. axb6 axb6 17. Bxc5 Nxc5 18. b4 Rxa1 19. Rxa1 Nd7 20. Qxe6+ Kh8 21.
Rd1 Nb8 22. Qd6 Qf7 23. Ne2 h6 24. Ng3 Kh7 25. Nxe5 Qxf2+ 26. Kh2 Qf6 27. Qxf6
Bxf6 28. Nd7 Bh4 29. Nxf8+ 1-0

[Event "Titled Tue 1st Jul Late"]
[Site "chess.com INT"]
[Date "2025.07.01"]
[Round "4"]
[White "Erdogmus, Yagiz Kaan"]
[Black "Christiansen, Johan-Sebastian"]
[Result "1-0"]
[WhiteTitle "GM"]
[BlackTitle "GM"]
[WhiteElo "2626"]
[BlackElo "2642"]
[WhiteFideId "44599790"]
[BlackFideId "1512668"]
[EventDate "2025.07.01"]

1. e4 e5 2. Nf3 Nc6 3. Bc4 Nf6 4. d3 d5 5. exd5 Nxd5 6. O-O Bg4 7. Re1 Qd6 8.
Nc3 Nxc3 9. bxc3 f6 10. h3 Bh5 11. a4 O-O-O 12. a5 a6 13. Ba3 Qd7 14. Bxf8 Rhxf8
15. Nxe5 Nxe5 16. Qxh5 Nxc4 17. dxc4 Qc6 18. Qxh7 Qxc4 19. Qxg7 Qxc3 20. Red1
Rg8 21. Qf7 Kb8 22. Qb3 Qc6 23. Rxd8+ Rxd8 24. Qf3 Qe6 25. Rb1 c6 26. h4 f5 27.
g3 Rd4 28. Qb3 Qd7 29. Qe3 Re4 30. Qf3 f4 31. Qxe4 fxg3 32. Qf4+ Qd6 33. Qxd6+ 1-0